| 000 | 00381cam a2200157ua 4500 | ||
|---|---|---|---|
| 041 |
_aeng _h |
||
| 082 |
_a823.308 _bORW/CL |
||
| 100 | _aOrwell, George . | ||
| 245 |
_aClergyman`s daughter / _cGeorge Orwell. _hTextual Documents |
||
| 250 |
_a1 / _b. |
||
| 260 |
_aBellomore : _bPenguin Books , _c1966. |
||
| 300 | _a262 ; . | ||
| 504 | _a | ||
| 942 | _cBK | ||
| 999 |
_c7876 _d7876 |
||